header

Tales of a Fourth Grade Nothing (Record no. 260997)

MARC details
000 -LEADER
fixed length control field 00245nam a22001097a 4500
020 ## - INTERNATIONAL STANDARD BOOK NUMBER
ISBN 0439559863
100 ## - MAIN ENTRY--AUTHOR NAME
Personal name Judy Blume
245 ## - TITLE STATEMENT
Title Tales of a Fourth Grade Nothing
260 ## - PUBLICATION, DISTRIBUTION, ETC. (IMPRINT)
Place of publication New York
Name of publisher Scholastic
Year of publication 1972
300 ## - PHYSICAL DESCRIPTION
Number of Pages 120 pgs
942 ## - ADDED ENTRY ELEMENTS (KOHA)
Koha item type Long Loan Books
Holdings
Withdrawn status Lost status Collection code Home library Current library Shelving location Date acquired Accession Number Koha item type
    Fiction Rongo University Library Rongo University Library Children's Area 26/10/2023 CL20221985 Long Loan Books

© 2026 Rongo University
Contact us: librarian | system librarian | Rongo university